| 000 | 00477nam a2200169Ia 4500 | ||
|---|---|---|---|
| 005 | 20250321142627.0 | ||
| 008 | 231217s9999 xx 000 0 und d | ||
| 020 | _a9788131717035 | ||
| 082 | _a001.64404 DIX;1 | ||
| 100 | _aDix, Alan. Finlay, Janet. Abowd, Gregory D...[et al.] | ||
| 245 | 0 | _aHuman-computer interaction | |
| 250 | _a3rd ed. | ||
| 260 |
_c2004 _bPearson Education _aNew Delhi |
||
| 300 | _axxv, 834 | ||
| 650 | _aHuman-computers,interaction | ||
| 942 | _cAA | ||
| 999 |
_c184581 _d184581 |
||